000 00849cad a22001935a 4500
001 E152729
008 110418s xxk f 000 0 eng d
035 _a(Sirsi) u152729
041 0 _aeng
110 2 _aChangeworks
_95935
245 0 0 _aSolar water heating, photovoltaics, heat recovery ventilation, domestic wind turbines, ground and air source heat pumps and community energy solutions
_h[electronic resource]
260 _aEdinburgh
_bChangeworks
_c[20-?]
490 0 _aTenement Fact Sheet
_v(06)
520 _aExplains how to carry out alterations to tenements to improve energy efficiency.
651 4 _aScotland
_y1999-
690 _aENVIRONMENTAL AND LAND CONSULTANCY-ENERGY-ENERGY USE-ENERGY EFFICIENCY
856 4 0 _uhttps://www.changeworks.org.uk/uploads/TFS_06.pdf
_zView the report free of charge at www.changeworks.org.uk
942 _n0
999 _c112190
_d112190